| 000 | 01089 a2200217 4500 | ||
|---|---|---|---|
| 001 | 55632 | ||
| 005 | 20260407155829.0 | ||
| 008 | 260407a1986 arg spa d | ||
| 003 | AR-UNSa-BCEJYS | ||
| 040 |
_aAR-UNSa-BCEJYS _bspa _cAR-UNSa-BCEJYS |
||
| 080 |
_a340.12 _xTendencias en la teoría del derecho. Escuelas, doctrinas jurídicas. Filosofía del derecho. Teorías sobre el Estado y el derecho |
||
| 245 | 1 | 0 | _aCurso de derecho natural |
| 020 | _a950-20-0343-8 | ||
| 264 | 1 |
_aBuenos Aires : _bAbeledo Perrot _c1986 |
|
| 300 |
_a404 p. _c23 cm. |
||
| 505 | _a1. Antecedentes orientales – 2. Grecia: la búsqueda de principios jurídicos permanentes – 3. El derecho natural en Roma – 4. El cristianismo – 5. Decadencia del derecho natural en la Edad Moderna – 6. Resurgimiento de la ciencia del derecho natural – 7. Análisis de algunas críticas al derecho natural – 8. Derecho natural y derecho positivo – 9. Contenido del derecho natural | ||
| 041 | _aspa | ||
| 942 | _cBK | ||
| 590 | _aniveau_biblio:m niveau_hierar:0 | ||
| 100 | 1 | _aMontejano, Bernardino (h) | |
| 999 |
_c5974 _d5974 |
||